Regionálna analýza príjmov a výdavkov slovenských domácností bakalárska práca

Saved in:
Bibliographic Details
Main Author: Havrila, Peter
Corporate Author: Fakulta hospodárskej informatiky EU. Katedra štatistiky
Other Authors: Sušienková, Katarína, 1967-
Format: Book
Language:Slovak
Published: Bratislava 2011
Tags: Add Tag
No Tags, Be the first to tag this record!

MARC

LEADER 00000nbm a2200000 4500
001 0141307
005 20170307145139.1
041 0 |a slo 
044 |a SK 
245 1 0 |a Regionálna analýza príjmov a výdavkov slovenských domácností  |b bakalárska práca  |c Peter Havrila ; školiteľ: Katarína Sušienková 
264 1 |a Bratislava  |c 2011 
300 |a 48 s. 
100 1 |a Havrila, Peter 
700 1 |a Sušienková, Katarína, 1967- 
710 2 |a Fakulta hospodárskej informatiky EU. Katedra štatistiky